Twenty One Pilots - Slowtown (Lyrics) - Statistics

General Stats
  • This quiz has been taken 7 times
  • The average score is 242 of 292
Answer Stats
Answer % Correct
and
100%
I
100%
if
100%
in
100%
it
100%
my
100%
not
100%
on
100%
slow
100%
Slowtown
100%
that
100%
the
100%
why
100%
are
83%
away
83%
be
83%
bike
83%
brother
83%
cards
83%
could
83%
do
83%
don't
83%
door
83%
down
83%
fall
83%
fast
83%
feet
83%
floor
83%
go
83%
great
83%
Hey
83%
hey
83%
high
83%
his
83%
I'd
83%
just
83%
kids
83%
lay
83%
look
83%
now
83%
other
83%
please
83%
Pokémon
83%
put
83%
remember
83%
ride
83%
save
83%
so
83%
socks
83%
soul
83%
through
83%
today
83%
toes
83%
too
83%
up
83%
us
83%
use
83%
using
83%
wake
83%
walk
83%
wanna
83%
way
83%
we
83%
when
83%
won't
83%
would
83%
wouldn't
83%
anymore
67%
day
67%
face
67%
for
67%
from
67%
get
67%
going
67%
gravity
67%
holographics
67%
houses
67%
know
67%
laugh
67%
neighboring
67%
our
67%
reach
67%
singing
67%
sky
67%
things
67%
together
67%
trampolines
67%
we'd
67%
we're
67%
as
50%
but
50%
'cause
50%
engines
50%
like
50%
make
50%
of
50%
sound
50%
spokes
50%
take
50%
traffic
50%
bold
33%
break
33%
fearless
33%
its
33%
risks
33%
laws
17%
No matching quizzes found
Score Distribution
Percent of People with Each Score
Percentile by Number Answered
Your Score History
You have not taken this quiz